000
00291nam a22001337a 4500
003
SGT
082
_a
618.92
_b
C12G
100
_a
GOODMAN, ROBERT
245
_a
CHILD AND ADOLESCENT PSYCHIATRY
260
_a
UK
_b
WILEY
_c
2012
300
_a
387
650
_a
PSYCHIATRY
942
_2
ddc
_c
BK
_0
2
999
_c
14533
_d
14533